000 00483nam a2200145Ia 4500
008 090124s9999 xx 000 0 und d
082 _b205130
245 _a नेताजी सुभाषचन्द्र बोस
250 _a1
260 _bहर्ष हरदान
_c1999
300 _a120
630 _a नेताजी सुभाषचन्द्र बोस
730 _a नेताजी सुभाषचन्द्र बोस
942 _cBOOK
999 _c186711
_d186711